Introduction to flavonoids (Record no. 2532)
[ view plain ]
| 000 -LEADER | |
|---|---|
| fixed length control field | 01000nam a2200229Ia 4500 |
| 001 - CONTROL NUMBER | |
| control field | 682 |
| 005 - DATE AND TIME OF LATEST TRANSACTION | |
| control field | 20200609114557.0 |
| 008 - FIXED-LENGTH DATA ELEMENTS--GENERAL INFORMATION | |
| fixed length control field | 180716s9999||||xx |||||||||||||| ||und|| |
| 020 ## - INTERNATIONAL STANDARD BOOK NUMBER | |
| International Standard Book Number | 90-5702-353-9 |
| 020 ## - INTERNATIONAL STANDARD BOOK NUMBER | |
| International Standard Book Number | 9789057023538 |
| 040 ## - CATALOGING SOURCE | |
| Transcribing agency | PK-IsLIS |
| 082 ## - DEWEY DECIMAL CLASSIFICATION NUMBER | |
| Classification number | 572.592 |
| Item number | B6347 |
| 100 ## - MAIN ENTRY--PERSONAL NAME | |
| Personal name | Bohm, Bruce A. |
| 245 #0 - TITLE STATEMENT | |
| Title | Introduction to flavonoids |
| Statement of responsibility, etc | / Bruce A. Bohm |
| 260 ## - PUBLICATION, DISTRIBUTION, ETC. (IMPRINT) | |
| Name of publisher, distributor, etc | Harwood Academic, |
| Place of publication, distribution, etc | Canada : |
| Date of publication, distribution, etc | 1998. |
| 300 ## - PHYSICAL DESCRIPTION | |
| Extent | xi, 503 p. |
| 490 ## - SERIES STATEMENT | |
| Series statement | Chemistry and biochemistry of organic natural products |
| Volume number/sequential designation | 02 |
| 650 ## - SUBJECT ADDED ENTRY--TOPICAL TERM | |
| Topical term or geographic name as entry element | Flavonoids |
| 650 ## - SUBJECT ADDED ENTRY--TOPICAL TERM | |
| Topical term or geographic name as entry element | Chemical structure. |
| 942 ## - ADDED ENTRY ELEMENTS (KOHA) | |
| Koha item type | Books |
| 505 0# - FORMATTED CONTENTS NOTE | |
| Formatted contents note | 1. INTRODUCTION AND HISTORICAL PERSPECTIVE 1 ;<br/>2. STRUCTURAL VARIATION: THE FLAVONOID LITERATURE 5 ;<br/>3. OCCURRENCE AND DISTRIBUTION OF FLAVONOIDS 117 ;<br/>4. EXTRACTION, PURIFICATION, AND IDENTIFICATION OF FLAVONOIDS 175 ;<br/>5. SYNTHESIS AND INTERCONVERSIONS OF FLAVONOIDS 243 ;<br/>6. BIOSYNTHESIS AND GENETICS 285 ;<br/>7. FLAVONOID FUNCTIONS IN NATURE 339 ;<br/>8. HUMAN USES OF FLAVONOIDS 365 ;<br/> |
| Withdrawn status | Damaged status | Not for loan | Home library | Current library | Date acquired | Source of acquisition | Full call number | Barcode | Date last seen | Price effective from | Koha item type |
|---|---|---|---|---|---|---|---|---|---|---|---|
| UE-Central Library | UE-Central Library | 16.07.2018 | U.E. | 572.592 B6347 | T682 | 16.07.2018 | 16.07.2018 | Books |
